[Event "Superettan(Eksjo-Wasa)"]
[Site "?"]
[Date "2009.03.14"]
[Round "8"]
[White "Hellborg, Teodor"]
[Black "Ornstein, Axel"]
[Result "1-0"]
[WhiteElo "2369"]
[BlackElo "2448"]
[PlyCount "76"]

1. d4 Nf6 2. c4 e6 3. Nc3 Bb4 4. Bd2 O-O 5. a3 Bxc3 6. Bxc3 Ne4 7. Rc1 b6 8. e3
Bb7 9. Nh3 d6 10. Bd3 Nd7 11. O-O Nxc3 12. Rxc3 Nf6 13. c5 bxc5 14. dxc5 e5 15.
Qc2 d5 16. c6 Bc8 17. Bf5 Bxf5 18. Qxf5 Qd6 19. Rfc1 Rfb8 20. Qc2 a5 21. Rb3
Rxb3 22. Qxb3 a4 23. Qb5 Qd8 24. Ng5 Ng4 25. h3 Nxf2 26. Kxf2 Qxg5 27. Rd1 d4
28. exd4 Qf4+ 29. Kg1 exd4 30. Qd5 Re8 31. Qd7 Kf8 32. Rf1 Qe3+ 33. Kh1 f6 34.
Qxc7 Qe2 35. Rg1 Qe5 36. Qd7 Re7 37. Qd8+ Re8 38. c7 Qe7 1-0

[Event "Superettan(Eksjo-Wasa)"]
[Site "?"]
[Date "2009.03.14"]
[Round "8"]
[White "Vernersson, Per"]
[Black "Genkin, Michael"]
[Result "1-0"]
[WhiteElo "2471"]
[BlackElo "2337"]
[PlyCount "49"]

1. d4 Nf6 2. c4 g6 3. Nc3 d5 4. Bf4 Bg7 5. e3 O-O 6. cxd5 Nxd5 7. Nxd5 Qxd5 8.
Bxc7 Bf5 9. Ne2 Na6 10. Nc3 Qc6 11. Bg3 Nb4 12. Rc1 Rad8 13. a3 e5 14. axb4
exd4 15. Nb5 Qe4 16. Rc4 Qe7 17. Rxd4 Bxd4 18. Nxd4 Qxb4+ 19. Qd2 Rxd4 20. exd4
Re8+ 21. Be2 Qc4 22. Be5 Qd5 23. f3 Re6 24. h3 f6 25. Bf4 1-0

[Event "Superettan(Eksjo-Wasa)"]
[Site "?"]
[Date "2009.03.14"]
[Round "8"]
[White "Astrom, Goran"]
[Black "Krantz, Christopher"]
[Result "1-0"]
[WhiteElo "2286"]
[BlackElo "2271"]
[PlyCount "57"]

1. e4 e6 2. d4 d5 3. Nd2 Be7 4. Bd3 c5 5. dxc5 Bxc5 6. Ngf3 Nf6 7. Qe2 Nc6 8.
c3 Qc7 9. O-O Bd6 10. Re1 dxe4 11. Nxe4 Nxe4 12. Qxe4 Bd7 13. Qe2 h6 14. Be3
O-O 15. Rad1 Rad8 16. h3 e5 17. Nd2 f5 18. f3 Rfe8 19. Nc4 Bf8 20. Bf2 Kh8 21.
Bg3 Bd6 22. Nxd6 Qxd6 23. Bxf5 Qe7 24. Bc2 Qg5 25. Qe4 g6 26. Bh4 Bf5 27. Bxg5
Bxe4 28. Bf6+ Kh7 29. Bxe4 1-0

[Event "Superettan(Eksjo-Wasa)"]
[Site "?"]
[Date "2009.03.14"]
[Round "8"]
[White "de Verdier, Michael"]
[Black "Collett, Peter"]
[Result "1-0"]
[WhiteElo "2300"]
[BlackElo "2248"]
[PlyCount "65"]

1. Nf3 Nf6 2. c4 c5 3. Nc3 e6 4. g3 b6 5. Bg2 Bb7 6. O-O Be7 7. d4 cxd4 8. Qxd4
d6 9. Rd1 a6 10. Bg5 Nbd7 11. Nd2 Bxg2 12. Kxg2 h6 13. Bxf6 Nxf6 14. Nde4 Nxe4
15. Nxe4 O-O 16. Nxd6 Qc7 17. Ne4 Rfd8 18. Qc3 Qc6 19. f3 f5 20. Nf2 Bf6 21.
Qb3 a5 22. Rxd8+ Rxd8 23. Rd1 Rc8 24. Nd3 Kh7 25. c5 bxc5 26. Qc4 Bd4 27. Rc1
Rc7 28. Rc2 e5 29. a3 e4 30. Nf4 exf3+ 31. exf3 Re7 32. Qxd4 g5 33. Qd5 1-0

[Event "Superettan(Eksjo-Wasa)"]
[Site "?"]
[Date "2009.03.14"]
[Round "8"]
[White "Andersson, Johan"]
[Black "Nordstrom, Felix"]
[Result "1/2-1/2"]
[WhiteElo "2127"]
[BlackElo "2209"]
[PlyCount "55"]

1. e4 e6 2. Nf3 c5 3. Nc3 Nc6 4. Bb5 Qc7 5. O-O d6 6. Bxc6+ bxc6 7. e5 dxe5 8.
Re1 f6 9. b3 Ne7 10. Na4 Nd5 11. d3 Nb6 12. Nc3 Be7 13. Ba3 O-O 14. Ne4 a5 15.
Bxc5 Bxc5 16. Nxc5 Qe7 17. Ne4 a4 18. Qe2 c5 19. Qe3 Nd7 20. Nfd2 Bb7 21. Nc4
Bd5 22. Nc3 axb3 23. axb3 Rxa1 24. Rxa1 Ra8 25. Rxa8+ Bxa8 26. Qc1 Bd5 27. Qa3
Kf7 28. Kf1 1/2-1/2

[Event "Superettan(Eksjo-Wasa)"]
[Site "?"]
[Date "2009.03.14"]
[Round "8"]
[White "Hallerod, Ralph"]
[Black "Ghazi Al-Saadi, Ali"]
[Result "1-0"]
[WhiteElo "2082"]
[BlackElo "1965"]
[PlyCount "127"]

1. d4 Nf6 2. c4 c5 3. e3 g6 4. Nc3 cxd4 5. exd4 d5 6. Nf3 Bg7 7. Qb3 dxc4 8.
Bxc4 O-O 9. Ne5 e6 10. Be3 Nc6 11. Nxc6 bxc6 12. O-O Qd6 13. Ne2 Nd5 14. Bxd5
cxd5 15. Bf4 Qa6 16. Rfe1 Bd7 17. Be5 Bxe5 18. dxe5 Rab8 19. Qc2 Rfc8 20. Qd2
Rc7 21. Nd4 Qb6 22. b3 Qb4 23. Qxb4 Rxb4 24. Red1 Kf8 25. Kf1 Ke7 26. Ke1 Kd8
27. a3 Rb8 28. Rac1 Rbc8 29. Rxc7 Rxc7 30. Kd2 Kc8 31. g4 h6 32. Re1 Kb7 33.
Re3 Rc8 34. Rf3 Rf8 35. Rf6 Kc7 36. h4 Kd8 37. b4 Ke7 38. Nb3 Rh8 39. Nc5 Bc6
40. Kc3 h5 41. g5 Rc8 42. Kb3 Rd8 43. Rf4 d4 44. Kc4 Rd5 45. Rxd4 Rxe5 46. b5
Bd5+ 47. Kb4 f6 48. gxf6+ Ke8 49. Nd3 Rf5 50. f4 Rxf6 51. Ne5 Kd8 52. Kc5 Kc7
53. Ra4 Bb7 54. Rxa7 Rxf4 55. Nc4 Rf5+ 56. Kb4 Kb8 57. b6 g5 58. Nd6 Rf4+ 59.
Kc5 Bd5 60. Rg7 Rf8 61. Rxg5 Bf3 62. a4 Rd8 63. a5 Be2 64. Rg7 1-0

[Event "Superettan(Eksjo-Wasa)"]
[Site "?"]
[Date "2009.03.14"]
[Round "8"]
[White "Akvist, Hakan"]
[Black "Safholm, Sten"]
[Result "1/2-1/2"]
[WhiteElo "2070"]
[BlackElo "2007"]
[PlyCount "141"]

1. d4 Nf6 2. c4 e6 3. Nc3 Bb4 4. a3 Bxc3+ 5. bxc3 c5 6. f3 d5 7. cxd5 exd5 8.
e3 O-O 9. Bd3 Re8 10. Ne2 Nc6 11. O-O b6 12. Ng3 cxd4 13. cxd4 Bd7 14. Ra2 Rc8
15. Ba6 Rc7 16. e4 Nb8 17. Bd3 dxe4 18. Nxe4 Bf5 19. Nxf6+ Qxf6 20. Bxf5 Qxf5
21. Re2 Rd8 22. Rfe1 Rcc8 23. Bb2 h6 24. Re5 Qg6 25. R5e4 Nd7 26. Qa4 Nf6 27.
R4e2 Rc7 28. g3 Kh7 29. Kf2 Rd5 30. Rd1 Rh5 31. Kg1 Rf5 32. Qb3 Rd7 33. Qd3
Rfd5 34. Qxg6+ Kxg6 35. Rde1 Rb5 36. Kf2 Rc7 37. Rc1 Nd5 38. Rxc7 Nxc7 39. Bc1
Rb1 40. Rc2 Nd5 41. Ke2 Kf6 42. Kd3 Ke6 43. Re2+ Kd7 44. Kc2 Rb5 45. Bd2 Nf6
46. Re5 Rd5 47. Kd3 a5 48. g4 Kd6 49. Bf4 Kd7 50. a4 Kc6 51. Re1 b5 52. Rc1+
Kd7 53. Rc7+ Ke6 54. Rc6+ Kd7 55. Ra6 bxa4 56. Bd2 Rb5 57. Kc4 Rb2 58. Bc3 Rxh2
59. d5 Rc2 60. Rxa5 Kd6 61. Ra6+ Kd7 62. Kd3 Rf2 63. Ke3 Ra2 64. Bxf6 gxf6 65.
Rxf6 Ra1 66. Rxh6 a3 67. Ra6 a2 68. Kf4 f6 69. Kf5 Rf1 70. Rxa2 Rxf3+ 71. Ke4
1/2-1/2

[Event "Superettan(Wasa-Vastervik)"]
[Site "?"]
[Date "2009.03.15"]
[Round "9"]
[White "Karlsson, Jorgen"]
[Black "Wedberg, Tom"]
[Result "0-1"]
[WhiteElo "2179"]
[BlackElo "2555"]
[PlyCount "72"]
[SourceDate "2009.03.20"]

1. Nf3 Nf6 2. c4 c5 3. g3 Nc6 4. Bg2 d5 5. cxd5 Nxd5 6. O-O e5 7. Nc3 Nc7 8. d3
Be7 9. Be3 O-O 10. Rc1 Bd7 11. Nd2 b6 12. Nc4 f6 13. f4 exf4 14. Bxf4 Ne6 15.
Nd5 Nxf4 16. Rxf4 f5 17. h4 Rc8 18. Qd2 b5 19. Na3 a6 20. Nxe7+ Qxe7 21. Nc2
Qe5 22. Ne1 Nd4 23. e3 Ne6 24. d4 Qd6 25. Rf2 cxd4 26. Rd1 Qxg3 27. exd4 Qxh4
28. Nf3 Qf6 29. Ne5 Rcd8 30. Re2 Ng5 31. Qf4 Ne4 32. Bxe4 fxe4 33. Qxf6 Rxf6
34. Nxd7 Rxd7 35. Rxe4 Rd5 36. Rc1 Rg5+ 0-1

[Event "Superettan(Wasa-Vastervik)"]
[Site "?"]
[Date "2009.03.15"]
[Round "9"]
[White "Hellborg, Teodor"]
[Black "Sternlund, Hakan"]
[Result "1/2-1/2"]
[WhiteElo "2369"]
[BlackElo "2220"]
[PlyCount "52"]

1. d4 Nf6 2. c4 e6 3. g3 d5 4. Nf3 c5 5. cxd5 exd5 6. Nc3 Nc6 7. Bg2 Be6 8. O-O
h6 9. b3 Rc8 10. Bb2 a6 11. Rc1 cxd4 12. Na4 b5 13. Nc5 Bxc5 14. Rxc5 Ne4 15.
Rc1 Nc3 16. Bxc3 dxc3 17. Rxc3 O-O 18. Qc1 Qb6 19. Qf4 Nd4 20. Re3 Nxf3+ 21.
Bxf3 Rc2 22. a3 d4 23. Rd3 Rc3 24. b4 Rxd3 25. exd3 Rc8 26. Rc1 Rc3 1/2-1/2

[Event "Superettan(Wasa-Vastervik)"]
[Site "?"]
[Date "2009.03.15"]
[Round "9"]
[White "Ask, Josef"]
[Black "Astrom, Goran"]
[Result "1/2-1/2"]
[WhiteElo "2224"]
[BlackElo "2286"]
[PlyCount "40"]

1. e4 c5 2. Nc3 e6 3. f4 d5 4. Nf3 dxe4 5. Bb5+ Bd7 6. Bxd7+ Nxd7 7. Nxe4 Ngf6
8. d3 Be7 9. O-O O-O 10. b3 Qc7 11. c4 Rad8 12. Qe1 Nb8 13. Ne5 Nc6 14. Bb2
Nxe4 15. Qxe4 Nd4 16. Rf2 f5 17. Qe3 Bf6 18. b4 Bxe5 19. fxe5 b6 20. b5 Rd7
1/2-1/2

[Event "Superettan(Wasa-Vastervik)"]
[Site "?"]
[Date "2009.03.15"]
[Round "9"]
[White "Nilsson, Victor"]
[Black "Berkell, Peder"]
[Result "1-0"]
[WhiteElo "2139"]
[BlackElo "2223"]
[PlyCount "92"]

1. d4 Nf6 2. Nf3 d6 3. g3 g6 4. Bg2 Bg7 5. O-O O-O 6. c4 Nbd7 7. Nc3 e5 8. e4
exd4 9. Nxd4 Re8 10. Re1 Ng4 11. Nc2 Nc5 12. Ne3 Ne5 13. Bf1 c6 14. Rb1 a5 15.
f4 Ned7 16. Bg2 Nf6 17. Qc2 Qe7 18. Ned1 d5 19. cxd5 cxd5 20. Nf2 dxe4 21. Be3
Bf5 22. g4 Be6 23. g5 Nfd7 24. Ncxe4 Nxe4 25. Nxe4 Bf5 26. Bf2 Nf8 27. Bc5 Qc7
28. Qf2 Ne6 29. Bd6 Qd7 30. Rbd1 Bxe4 31. Bxe4 Rad8 32. Bf3 Qxd6 33. Rxd6 Rxd6
34. Kh1 Red8 35. Bg4 Rd2 36. Qe3 R2d3 37. Qe4 Nc5 38. Qe7 Bf8 39. Qc7 a4 40. f5
R3d7 41. Qg3 Nd3 42. fxg6 hxg6 43. Bxd7 Nxe1 44. Qc7 Be7 45. Bxa4 Bxg5 46. Bb3
Rf8 1-0

[Event "Superettan(Wasa-Vastervik)"]
[Site "?"]
[Date "2009.03.15"]
[Round "9"]
[White "Collett, Peter"]
[Black "Elenius, Erik"]
[Result "1-0"]
[WhiteElo "2248"]
[BlackElo "2051"]
[PlyCount "80"]

1. d4 Nf6 2. c4 g6 3. Nc3 Bg7 4. e4 d6 5. f3 O-O 6. Bg5 c5 7. d5 e6 8. Qd2 exd5
9. cxd5 a6 10. a4 Nbd7 11. Nh3 Qa5 12. Ra3 Re8 13. Be2 Ne5 14. Nf2 Qb4 15. Qc2
h6 16. Bd2 Qb6 17. O-O g5 18. Re1 Ng6 19. Ncd1 Nd7 20. g3 Bd4 21. Kg2 Qd8 22.
Ng4 Bg7 23. f4 h5 24. Ngf2 gxf4 25. gxf4 Qh4 26. Qc1 Nf6 27. f5 Nxe4 28. fxg6
Be5 29. gxf7+ Kxf7 30. Bxh5+ Qxh5 31. Rxe4 Bf5 32. Rxe5 Rxe5 33. Rg3 Rg8 34.
Bc3 Re2 35. Qf4 Qh3+ 36. Kf3 Rxg3+ 37. Qxg3 Qh5+ 38. Kg2 Be4+ 39. Kg1 Bf5 40.
Qg7+ Ke8 1-0

[Event "Superettan(Wasa-Vastervik)"]
[Site "?"]
[Date "2009.03.15"]
[Round "9"]
[White "Broddefalk, Arvid"]
[Black "Nordstrom, Felix"]
[Result "1/2-1/2"]
[WhiteElo "1997"]
[BlackElo "2209"]
[PlyCount "56"]

1. c4 c6 2. g3 d5 3. Bg2 Nf6 4. Nf3 Bf5 5. cxd5 cxd5 6. Qb3 Qb6 7. Nc3 e6 8.
O-O Nc6 9. d3 Qxb3 10. axb3 Be7 11. Bf4 O-O 12. Rfc1 Rfd8 13. Nb5 Ne8 14. Nbd4
Nxd4 15. Nxd4 Bg6 16. Rc2 Bf6 17. Nf3 a6 18. Rac1 Kf8 19. Ne5 Be7 20. h4 Bd6
21. Nxg6+ hxg6 22. Be3 Rd7 23. Bb6 Ke7 24. Rc8 Rxc8 25. Rxc8 Bc7 26. Bc5+ Bd6
27. Bb6 Bc7 28. Bc5+ Bd6 1/2-1/2

[Event "Superettan(Wasa-Vastervik)"]
[Site "?"]
[Date "2009.03.15"]
[Round "9"]
[White "Hallerod, Ralph"]
[Black "Harren, Mats"]
[Result "0-1"]
[WhiteElo "2082"]
[BlackElo "2083"]
[PlyCount "83"]

1. d4 Nf6 2. c4 c5 3. e3 cxd4 4. exd4 d5 5. Nc3 g6 6. Qb3 Bg7 7. cxd5 O-O 8.
Be2 Nbd7 9. Bf3 Nb6 10. Nge2 Bf5 11. a4 a5 12. h3 Bd3 13. d6 exd6 14. Bxb7 Rb8
15. Bc6 Nbd5 16. Bb5 Nb4 17. O-O Bc2 18. Qa3 Nd7 19. Bf4 Nb6 20. Rac1 Qe7 21.
Rxc2 Nxc2 22. Qxd6 Qa7 23. Qc6 Nb4 24. Bxb8 Qxb8 25. Qe4 Rd8 26. Rd1 Kh8 27. d5
Qd6 28. Bc6 h6 29. Qe3 Nc4 30. Qa7 Nxb2 31. Ne4 Nxc6 32. Qb6 Qb8 33. Qxc6 Nxd1
34. d6 Be5 35. d7 Nb2 36. f4 Bg7 37. Nd6 Qa7+ 38. Kh1 Rxd7 39. Qc8+ Kh7 40. Nb5
Rd1+ 41. Kh2 Qe3 42. Qg4 0-1

[Event "Superettan(Rockaden,Umea-Eksjo)"]
[Site "?"]
[Date "2009.03.15"]
[Round "9"]
[White "Vernersson, Per"]
[Black "Forsberg, Viktor"]
[Result "0-1"]
[WhiteElo "2471"]
[BlackElo "2341"]
[PlyCount "96"]

1. d4 Nf6 2. c4 g6 3. Nc3 Bg7 4. e4 d6 5. Be2 O-O 6. Nf3 e5 7. O-O Nc6 8. d5
Ne7 9. Ne1 Nd7 10. Nd3 f5 11. Bd2 Kh8 12. f3 Nf6 13. Rc1 c5 14. g4 a6 15. Nf2
f4 16. Kg2 g5 17. Nd3 Ng6 18. Be1 h5 19. h3 Bd7 20. a3 Kg8 21. b4 b6 22. bxc5
bxc5 23. Rb1 Qc7 24. Qc2 Kf7 25. Rb3 Rfb8 26. Rxb8 Rxb8 27. Bd2 Bf8 28. Rb1 Be7
29. Bd1 hxg4 30. hxg4 Nh4+ 31. Kf1 Rxb1 32. Qxb1 Nxf3 33. Bxf3 Nxg4 34. Kg2 Nf6
35. Be2 Qc8 36. Qh1 Kg7 37. Bd1 Bd8 38. Kf2 Be8 39. Qg2 Bg6 40. Ke1 g4 41. Nxf4
exf4 42. Bxf4 Ba5 43. Bd2 Qh8 44. Bc2 Qh4+ 45. Kf1 Nd7 46. Nb1 Bxd2 47. Nxd2
Ne5 48. Bd1 Nd3 0-1

[Event "Superettan(Rockaden,Umea-Eksjo)"]
[Site "?"]
[Date "2009.03.15"]
[Round "9"]
[White "Malmstig, Erik"]
[Black "Schussler, Harry"]
[Result "0-1"]
[WhiteElo "2315"]
[BlackElo "2437"]
[PlyCount "78"]

1. d4 e6 2. c4 Bb4+ 3. Bd2 a5 4. e4 d5 5. cxd5 exd5 6. e5 Bxd2+ 7. Qxd2 Nh6 8.
h4 f6 9. Nc3 O-O 10. Be2 fxe5 11. dxe5 d4 12. Bc4+ Kh8 13. Ne4 Nc6 14. Nf3 Qe7
15. Qg5 Qb4+ 16. Ned2 Bg4 17. a3 Qxb2 18. O-O Rf5 19. Rfb1 Qc3 20. Rc1 Rxg5 21.
hxg5 Nf5 22. Rxc3 dxc3 23. Nh2 Bh5 24. Ne4 Nxe5 25. Bf1 c2 26. f4 Nd4 27. Rc1
Bd1 28. Nd2 Nec6 29. Bc4 b5 30. Bd3 b4 31. Nhf1 bxa3 32. Ne3 Nb4 33. Bc4 Rd8
34. Nxd1 cxd1=Q+ 35. Rxd1 Ndc2 36. Kf2 a2 37. Bxa2 Nxa2 38. Kg3 Nc3 39. Ra1
Nxa1 0-1

[Event "Superettan(Rockaden,Umea-Eksjo)"]
[Site "?"]
[Date "2009.03.15"]
[Round "9"]
[White "Ornstein, Axel"]
[Black "Hammar, Ulf"]
[Result "1-0"]
[WhiteElo "2448"]
[BlackElo "2280"]
[PlyCount "57"]

1. c4 c6 2. e4 d5 3. exd5 cxd5 4. d4 Nf6 5. Nc3 e6 6. Nf3 Be7 7. Bg5 O-O 8. Rc1
Nc6 9. c5 Ne4 10. Bxe7 Qxe7 11. Bb5 Nxc3 12. Rxc3 Bd7 13. O-O Nd8 14. Bd3 f6
15. Qb1 g5 16. Re1 Qg7 17. b4 a6 18. Qb3 g4 19. Nd2 f5 20. a4 Nc6 21. b5 Nxd4
22. Qb4 axb5 23. axb5 Ra2 24. Nf1 Rfa8 25. c6 bxc6 26. bxc6 Bxc6 27. Rec1 Qb7
28. Qxd4 R8a4 29. Qf6 1-0

[Event "Superettan(Rockaden,Umea-Eksjo)"]
[Site "?"]
[Date "2009.03.15"]
[Round "9"]
[White "Wickstrom, Lucas"]
[Black "de Verdier, Michael"]
[Result "1/2-1/2"]
[WhiteElo "2255"]
[BlackElo "2300"]
[PlyCount "100"]

1. d4 Nf6 2. c4 e6 3. Nc3 Bb4 4. Qc2 O-O 5. a3 Bxc3+ 6. Qxc3 b6 7. Bg5 Ba6 8.
Qf3 Nc6 9. e3 Bb7 10. Bxf6 Qxf6 11. Qxf6 gxf6 12. f3 Rfd8 13. Rc1 f5 14. Ne2
Ne7 15. c5 Nd5 16. Kf2 bxc5 17. dxc5 a5 18. b3 Rdb8 19. Nd4 Kg7 20. Bb5 c6 21.
Bc4 Ne7 22. f4 Ba6 23. Rhd1 Bxc4 24. Rxc4 Nd5 25. Rd3 Kg6 26. Nf3 f6 27. g3 Ra7
28. Nd2 Rab7 29. e4 fxe4 30. Rxe4 Rb5 31. Rc4 Kg7 32. Kf3 Kf7 33. Ke4 f5+ 34.
Kf3 Ke7 35. Ke2 Nf6 36. Rcc3 h5 37. Kd1 Ng4 38. Kc2 Nf6 39. Rc4 Rh8 40. Kb2 h4
41. a4 Rb7 42. Rc2 hxg3 43. hxg3 Nd5 44. Rc1 Rh3 45. Rf1 Rh2 46. Kc1 Nb4 47.
Rdf3 Na6 48. Rc3 Nb4 49. Rcf3 Na6 50. Rc3 Nb4 1/2-1/2

[Event "Superettan(Rockaden,Umea-Eksjo)"]
[Site "?"]
[Date "2009.03.15"]
[Round "9"]
[White "Krantz, Christopher"]
[Black "Mardell, Jimmy"]
[Result "1/2-1/2"]
[WhiteElo "2271"]
[BlackElo "2233"]
[PlyCount "38"]

1. e4 e6 2. d4 d5 3. Nc3 Nf6 4. e5 Nfd7 5. f4 c5 6. Nf3 Nc6 7. Be3 cxd4 8. Nxd4
Bc5 9. Qd2 O-O 10. O-O-O a6 11. Kb1 Qe7 12. Qf2 f6 13. exf6 Rxf6 14. g3 Bb4 15.
Nde2 Nde5 16. Qe1 Nf3 17. Qf2 Nfe5 18. Qe1 Nf3 19. Qf2 Nfe5 1/2-1/2

[Event "Superettan(Rockaden,Umea-Eksjo)"]
[Site "?"]
[Date "2009.03.15"]
[Round "9"]
[White "Nygren, David"]
[Black "Thornert, Hakan"]
[Result "1/2-1/2"]
[WhiteElo "2245"]
[BlackElo "2206"]
[PlyCount "49"]

1. e4 c5 2. c3 Nf6 3. e5 Nd5 4. d4 cxd4 5. Nf3 Nc6 6. Bc4 Nb6 7. Bb3 d5 8. exd6
Qxd6 9. O-O h6 10. Nxd4 Nxd4 11. cxd4 Be6 12. Bxe6 Qxe6 13. Nc3 Qd7 14. Bf4 e6
15. Be5 f6 16. Bg3 Bb4 17. Qh5+ Kf8 18. Rad1 Bxc3 19. bxc3 Qd5 20. Qg6 h5 21.
Bf4 h4 22. h3 Rc8 23. Rc1 Rc6 24. Rfe1 Rh5 25. Rc2 1/2-1/2

[Event "Superettan(Rockaden,Umea-Eksjo)"]
[Site "?"]
[Date "2009.03.15"]
[Round "9"]
[White "Andersson, Johan"]
[Black "Engman, Rickard"]
[Result "0-1"]
[WhiteElo "2127"]
[BlackElo "2212"]
[PlyCount "84"]

1. e4 e5 2. Nf3 Nc6 3. d4 exd4 4. Nxd4 Bc5 5. Nb3 Bb4+ 6. c3 Be7 7. c4 Nf6 8.
Nc3 O-O 9. f3 Bb4 10. Bd2 Nh5 11. Qe2 f5 12. O-O-O a5 13. Qd3 d6 14. Nd4 f4 15.
Nxc6 bxc6 16. a3 Bc5 17. Na4 Bf2 18. Be2 Be6 19. Rhf1 Bh4 20. Bc3 Qg5 21. Rd2
Qxg2 22. Bd1 Qg6 23. Bd4 Qf7 24. b3 Bf6 25. Rg1 c5 26. Bc3 Bxc3 27. Nxc3 Nf6
28. Rdg2 g6 29. h4 Kh8 30. e5 dxe5 31. Qe2 Rae8 32. Rg5 Bf5 33. Bc2 Bxc2 34.
Kxc2 e4 35. Nxe4 Nxe4 36. fxe4 f3 37. Qd3 f2 38. Rf1 Qf4 39. Qc3+ Kg8 40. Rxc5
Qxe4+ 41. Qd3 Qxd3+ 42. Kxd3 Re1 0-1

[Event "Superettan(Rockaden,Umea-Eksjo)"]
[Site "?"]
[Date "2009.03.15"]
[Round "9"]
[White "Lindgren, Fredrik"]
[Black "Ghazi Al-Saadi, Ali"]
[Result "1-0"]
[WhiteElo "2231"]
[BlackElo "1965"]
[PlyCount "99"]

1. d4 Nf6 2. Nf3 g6 3. c4 c5 4. Nc3 cxd4 5. Nxd4 Nc6 6. e4 d6 7. Be2 Bg7 8. O-O
O-O 9. Nc2 Be6 10. Rb1 Rc8 11. b3 a6 12. Bd2 Qc7 13. h3 Rfd8 14. Kh1 Ne8 15.
Rc1 Qb8 16. Qe1 Nd4 17. Nxd4 Bxd4 18. f4 Nf6 19. Bd3 Bd7 20. Ne2 Ba7 21. Bc3
Ne8 22. f5 e5 23. fxe6 Bxe6 24. Ba1 Rc5 25. Nf4 Re5 26. Qg3 Ng7 27. Qf3 Qc7 28.
Nd5 Bxd5 29. exd5 f5 30. Bxe5 dxe5 31. c5 e4 32. Bxe4 fxe4 33. Qxe4 Nf5 34.
Qe6+ Kh8 35. Rf3 Qg7 36. d6 Bb8 37. Re1 h5 38. b4 h4 39. a3 Kh7 40. Kg1 Nd4 41.
Qg4 Nxf3+ 42. gxf3 Qf6 43. Re7+ Kh6 44. Re6 Qg5 45. f4 Qxg4+ 46. hxg4 Kg7 47.
Re7+ Kf6 48. Rxb7 g5 49. fxg5+ Kxg5 50. Rxb8 1-0

[Event "Superettan(RockadenII,Sthlm-Eskilstuna)"]
[Site "?"]
[Date "2009.03.15"]
[Round "9"]
[White "Logdahl, Harald"]
[Black "Hedman, Erik"]
[Result "0-1"]
[WhiteElo "2382"]
[BlackElo "2420"]
[PlyCount "78"]

1. e4 c5 2. c4 Nc6 3. Nc3 g6 4. g3 a6 5. a4 Bg7 6. Bg2 d6 7. Nge2 Ne5 8. d3 Bg4
9. f4 Nf3+ 10. Kf1 Nd4 11. h3 Bxe2+ 12. Nxe2 Rb8 13. Kg1 e6 14. Nxd4 Bxd4+ 15.
Kh2 h5 16. Bf3 h4 17. g4 g5 18. Rb1 gxf4 19. b4 cxb4 20. Rxb4 Ne7 21. e5 dxe5
22. Rxb7 Rxb7 23. Bxb7 Qb6 24. Qf3 f5 25. gxf5 Rg8 26. Rf1 exf5 27. Bd5 Rg3 28.
Qh5+ Kd7 29. Bg2 Qb3 30. Bd2 Qc2 31. Qd1 Qxd1 32. Rxd1 f3 33. Bf1 Ng6 34. Rb1
Kc8 35. c5 Rg1 36. c6 f2 37. Bb4 e4 38. Bd6 Be5+ 39. Bxe5 Nxe5 0-1

[Event "Superettan(RockadenII,Sthlm-Eskilstuna)"]
[Site "?"]
[Date "2009.03.15"]
[Round "9"]
[White "Livner, Anders"]
[Black "Nilsson, Matthias"]
[Result "1-0"]
[WhiteElo "2369"]
[BlackElo "2310"]
[PlyCount "91"]

1. d4 d5 2. c4 c6 3. Nf3 Nf6 4. e3 e6 5. Bd3 Nbd7 6. O-O Bd6 7. Nc3 O-O 8. e4
dxe4 9. Nxe4 Nxe4 10. Bxe4 Nf6 11. Bc2 c5 12. Qd3 h6 13. b3 cxd4 14. Qxd4 Qe7
15. Bb2 Ba3 16. Bxa3 Qxa3 17. Ne5 Qe7 18. Rad1 b6 19. Qd6 Qxd6 20. Rxd6 Bb7 21.
Rfd1 Rfc8 22. f3 Kf8 23. R1d2 Rc7 24. Kf2 Ke7 25. R6d4 Rac8 26. Bd1 h5 27. h4
g6 28. Be2 Ba8 29. Ke3 Bb7 30. g3 Re8 31. b4 Bc8 32. f4 Nd7 33. Bf3 Nxe5 34.
fxe5 Ba6 35. Be2 Rec8 36. b5 Bb7 37. a4 Ra8 38. Kf4 Bc8 39. Ra2 a5 40. Rad2 Bb7
41. Rd6 Rac8 42. R2d4 f6 43. exf6+ Kxf6 44. Rxb6 Ba8 45. Ke3 Rc5 46. Ra6 1-0

[Event "Superettan(RockadenII,Sthlm-Eskilstuna)"]
[Site "?"]
[Date "2009.03.15"]
[Round "9"]
[White "Didriksson, Mikael"]
[Black "Vilchez, Victor"]
[Result "0-1"]
[WhiteElo "2091"]
[BlackElo "2363"]
[PlyCount "118"]

1. e4 c5 2. c4 d6 3. Nc3 e6 4. g3 Nf6 5. Bg2 Be7 6. Nge2 O-O 7. O-O Nc6 8. d4
cxd4 9. Nxd4 Nxd4 10. Qxd4 a6 11. a4 Qc7 12. b3 Rd8 13. Bb2 Rb8 14. Rac1 b6 15.
Rfe1 Bb7 16. h3 Bf8 17. Kh2 Qc5 18. Nd1 Nd7 19. Qd2 Qc7 20. f4 Bc6 21. f5 Qb7
22. fxe6 fxe6 23. Nc3 Ne5 24. Qe3 Be7 25. Ne2 Bf6 26. Nd4 Bd7 27. Ba3 Be7 28.
Rcd1 Qc7 29. Nf3 Nxf3+ 30. Bxf3 e5 31. Qd3 Be6 32. Qe2 Rf8 33. Rf1 b5 34. axb5
axb5 35. Bg4 Bf7 36. cxb5 Bxb3 37. Rxf8+ Bxf8 38. Rc1 Qa5 39. Bb2 Qxb5 40. Qxb5
Rxb5 41. Rc8 Kf7 42. Bc3 Be7 43. Rc7 Be6 44. Bf3 Rb1 45. Kg2 Ke8 46. h4 Rc1 47.
Ba5 Ra1 48. Bc3 Ra2+ 49. Kf1 Bd8 50. Rxg7 Ra3 51. Bh5+ Kf8 52. Bxe5 dxe5 53.
Rxh7 Rxg3 54. Be2 Bb6 55. Bb5 Bg4 56. Ke1 Be3 57. Bc4 Rg1+ 58. Bf1 Bd4 59. h5
Bh3 0-1

[Event "Superettan(RockadenII,Sthlm-Eskilstuna)"]
[Site "?"]
[Date "2009.03.15"]
[Round "9"]
[White "Lissang, Christopher"]
[Black "Svensson, Hakan"]
[Result "1-0"]
[WhiteElo "2345"]
[BlackElo "2022"]
[PlyCount "35"]

1. e4 c5 2. Nf3 e6 3. d4 cxd4 4. Nxd4 Nf6 5. Nc3 Qb6 6. Nb3 Bb4 7. Bd3 d5 8. e5
d4 9. exf6 dxc3 10. O-O gxf6 11. bxc3 Bxc3 12. Ba3 Nc6 13. Nd2 Qc7 14. Ne4 Nb4
15. Bb5+ Ke7 16. Qf3 a6 17. Bxb4+ Bxb4 18. Qxf6+ 1-0

[Event "Superettan(RockadenII,Sthlm-Eskilstuna)"]
[Site "?"]
[Date "2009.03.15"]
[Round "9"]
[White "Logdahl, Ulf"]
[Black "Westerberg, Jonathan"]
[Result "0-1"]
[WhiteElo "1990"]
[BlackElo "2298"]
[PlyCount "56"]

1. f4 d5 2. e3 Nf6 3. d3 c5 4. Nf3 Nc6 5. Be2 Qc7 6. O-O Bg4 7. c3 e6 8. Nbd2
Bd6 9. d4 cxd4 10. cxd4 O-O 11. Ne5 Bxe2 12. Qxe2 Nd7 13. a3 f6 14. Nxd7 Qxd7
15. b4 e5 16. Qb5 Bc7 17. Nb3 exd4 18. Nxd4 Bb6 19. Qd3 Nxd4 20. exd4 Rfe8 21.
Bb2 Re4 22. Rae1 Rae8 23. Rxe4 Rxe4 24. g3 Qe8 25. Kf2 Qh5 26. Kg2 Re2+ 27. Rf2
Rxf2+ 28. Kxf2 Qxh2+ 0-1

[Event "Superettan(RockadenII,Sthlm-Eskilstuna)"]
[Site "?"]
[Date "2009.03.15"]
[Round "9"]
[White "Hanninger, Simon"]
[Black "Tolen, Michael"]
[Result "1/2-1/2"]
[WhiteElo "2289"]
[BlackElo "1884"]
[PlyCount "43"]

1. e4 e5 2. Bc4 Nf6 3. d4 exd4 4. Nf3 Be7 5. e5 Ne4 6. Qxd4 Ng5 7. Nxg5 Bxg5 8.
Bxg5 Qxg5 9. O-O O-O 10. f4 Qg6 11. Nc3 Nc6 12. Qd2 Ne7 13. Kh1 Rd8 14. Rae1
Qc6 15. Bb3 d5 16. exd6 Rxd6 17. Nd5 Nxd5 18. Bxd5 Be6 19. Bxc6 Rxd2 20. Bxb7
Rb8 21. Be4 f5 22. Bc6 1/2-1/2

[Event "Superettan(RockadenII,Sthlm-Eskilstuna)"]
[Site "?"]
[Date "2009.03.15"]
[Round "9"]
[White "Bragesjo, Tomas"]
[Black "Bryntze, Stefan"]
[Result "1/2-1/2"]
[WhiteElo "1739"]
[BlackElo "2222"]
[PlyCount "49"]

1. e4 e5 2. Nf3 Nf6 3. Nxe5 d6 4. Nf3 Nxe4 5. Nc3 Nf6 6. d4 d5 7. Bg5 Be6 8.
Bd3 Bd6 9. Qe2 c6 10. O-O O-O 11. Ne5 Nbd7 12. f4 Qb6 13. Nxd7 Qxd4+ 14. Kh1
Bxd7 15. Rad1 Kh8 16. Bxh7 Bg4 17. Rxd4 Bxe2 18. Nxe2 Kxh7 19. Bxf6 gxf6 20.
Rd3 Rae8 21. Rh3+ Kg7 22. Rg3+ Kh7 23. Rh3+ Kg7 24. Rg3+ Kh7 25. Rh3+ 1/2-1/2

[Event "Superettan(RockadenII,Sthlm-Eskilstuna)"]
[Site "?"]
[Date "2009.03.15"]
[Round "9"]
[White "Olofson, Dan"]
[Black "Matila, Mikko"]
[Result "1/2-1/2"]
[WhiteElo "2223"]
[BlackElo "1619"]
[PlyCount "55"]

1. e4 d5 2. exd5 Qxd5 3. Nc3 Qa5 4. Bc4 Nf6 5. d4 c6 6. Bd2 Bf5 7. Nf3 e6 8.
O-O Bb4 9. Ne5 Nbd7 10. Qe2 O-O 11. Nxd7 Nxd7 12. a3 Bxc3 13. Bxc3 Qc7 14. Rad1
Nf6 15. Bd3 Bxd3 16. Rxd3 Nd5 17. Bd2 Nf4 18. Bxf4 Qxf4 19. Rfd1 Qf6 20. Qe5
Qe7 21. h4 Qxh4 22. Rg3 g6 23. Qc7 Rab8 24. Rb3 Rfc8 25. Qd7 Rd8 26. Qc7 Rdc8
27. Qd7 Rd8 28. Qc7 1/2-1/2